Price stabilization as a factor of competitiveness of agriculture

Pri hľadaní zodpovedajúceho nástroja poľnohospodárskej politiky pre stabilizáciu cien a príjmov poľnohospodárov je potrebné rozlišovať príčiny cenovej fluktuácie. Vhodným metodologickým aparátom pre posudzovanie dopadu politiky cenovej stabilizácie je analýza parciálnej rovnováhy.

Gespeichert in:
Bibliographische Detailangaben
1. Verfasser: Grega, Libor
Format: Buchkapitel
Sprache:Englisch
Schlagworte:
Tags: Tag hinzufügen
Keine Tags, Fügen Sie das erste Tag hinzu!

MARC

LEADER 00000naa a2200000 4500
001 r045984
005 20231004091512.7
041 0 |a eng 
044 |a CZ 
245 1 0 |a Price stabilization as a factor of competitiveness of agriculture  |c Libor Grega 
520 |a Pri hľadaní zodpovedajúceho nástroja poľnohospodárskej politiky pre stabilizáciu cien a príjmov poľnohospodárov je potrebné rozlišovať príčiny cenovej fluktuácie. Vhodným metodologickým aparátom pre posudzovanie dopadu politiky cenovej stabilizácie je analýza parciálnej rovnováhy. 
610 2 0 |a stabilita cien 
610 2 0 |a komodity 
610 2 0 |a poľnohospodárstvo 
610 2 0 |a politika poľnohospodárska 
610 2 0 |a výroba poľnohospodárska 
610 2 0 |a ceny 
610 2 0 |a rovnováha 
610 2 0 |a nástroje ekonomické 
100 1 |a Grega, Libor